000 00566cam a22002291 4500
001 sa 64007617
003 DLC
005 20260227112048.0
008 891117s1962 ii 000 0 beno
010 _asa 64007617
035 _a(OCoLC)20669257
040 _aDLC
_cWaU
_dDLC
041 0 _aben
_beng
042 _apremarc
050 0 0 _aPK1718.T24
_bA6 1962b
100 1 _aTagore, Rabindranath,
_d1861-1941.
245 1 0 _aRabīndrabacanasamuccaẏa.
260 _c[1962]
300 _a69 p.
_c22 cm.
500 _aIn Bengali.
500 _aSummary in English.
999 _c60372
_d60372